Bulgaria and the Black Sea, as a developing tourist destination within Hungarians

Bibliográfiai részletek
Szerző: Pregardt-Paur Áron
További közreműködők: Kovács dr. Miklós
Dokumentumtípus: Diplomadolgozat
Kulcsszavak:Bulgária turizmusa
Bulgária
Aktív turizmus
Fejlődő turizmus
Tengerparti turizmus
Online Access:http://dolgozattar.uni-bge.hu/9804

MARC

LEADER 00000nta a2200000 i 4500
001 dolg9804
005 20170316141211.0
008 170102suuuu hu om 000 eng d
040 |a BGE Dolgozattár Repozitórium  |b hun 
041 |a en 
100 1 |a Pregardt-Paur Áron 
245 1 0 |a Bulgaria and the Black Sea, as a developing tourist destination within Hungarians  |c Pregardt-Paur Áron  |h [elektronikus dokumentum] 
246 1 1 |a Bulgária és a Fekete tenger, mint fejlődő turisztikai úticél a magyarok körében 
246 1 1 |a Bulgaria and the Black Sea, as a developing tourist destination within Hungarians 
695 |a Bulgária turizmusa 
695 |a Bulgária 
695 |a Aktív turizmus 
695 |a Fejlődő turizmus 
695 |a Tengerparti turizmus 
700 1 |a Kovács dr. Miklós  |e ths 
856 4 0 |u http://dolgozattar.uni-bge.hu/9804/1/Bulgaria%20and%20the%20Black%20Sea%20as%20a%20developing%20tourist%20destination%20within%20Hungarians.pdf  |z Dokumentum-elérés